000 00637cam a2200145 4500500
005 20260208005827.0
041 _afre
042 _adc
100 1 0 _aAuraix-Jonchière, Pascale
_eauthor
245 0 0 _aMARIE-FRANÇOISE MELMOUX-MONTAUBIN. Barbey d’Aurevilly. Paris, Memini, 2001, collection « Bibliographie des écrivains français ». Un vol. de 349 p.
260 _c2005.
500 _a15
786 0 _nRevue d'histoire littéraire de la France | 105 | 3 | 2005-06-01 | p. 655zn-764zn | 0035-2411
856 4 1 _uhttps://shs.cairn.info/revue-d-histoire-litteraire-de-la-france-2005-3-page-655zn?lang=fr&redirect-ssocas=7080
999 _c1653973
_d1653973